Southville International School and Colleges
Your cart is empty.
  • Cart
  • Lists
    Public lists list_1 View all
    Your lists Log in to create your own lists
  • Log in to your account
  • Your cookies
  • Search history
Southville International School and Colleges
  • Advanced search
  • Recent comments
  • Most popular
  • Libraries

Log in to your account

Log in with GOOGLE


If you do not have an external account, but do have a local account, you can still log in:

  1. Home
  2. MARC view: Gender and society
Normal view MARC view ISBD view

Gender and society (Record no. 365187)

[ view plain ]
MARC details
000 -LEADER
fixed length control field 00622nam a22002057a 4500
003 - CONTROL NUMBER IDENTIFIER
control field 0
005 - DATE AND TIME OF LATEST TRANSACTION
control field 20230823120407.0
008 - FIXED-LENGTH DATA ELEMENTS--GENERAL INFORMATION
fixed length control field 230823b xxu||||| |||| 00| 0 eng d
020 ## - INTERNATIONAL STANDARD BOOK NUMBER
International Standard Book Number 978-971-9655-08-4
050 ## - LIBRARY OF CONGRESS CALL NUMBER
Classification number GN 479.65
Item number .M37 2022
100 ## - MAIN ENTRY--PERSONAL NAME
Personal name Martinez, Rodolfo M., Jr.
245 ## - TITLE STATEMENT
Title Gender and society
Statement of responsibility, etc Rodolfo M. Martinez, Jr. and Francis M. Camposano
260 ## - PUBLICATION, DISTRIBUTION, ETC. (IMPRINT)
Place of publication, distribution, etc Manila
Name of publisher, distributor, etc Mindshapers Co., Inc.
Date of publication, distribution, etc c2022
300 ## - PHYSICAL DESCRIPTION
Extent x, 247 pages :
Other physical details ill. ;
Dimensions 26 cm.
500 ## - GENERAL NOTE
General note Men and women.
504 ## - BIBLIOGRAPHY, ETC. NOTE
Bibliography, etc Includes bibliographical references.
650 ## - SUBJECT ADDED ENTRY--TOPICAL TERM
Topical term or geographic name as entry element Men and women.
650 ## - SUBJECT ADDED ENTRY--TOPICAL TERM
Topical term or geographic name as entry element Gender.
942 ## - ADDED ENTRY ELEMENTS (KOHA)
Source of classification or shelving scheme Library of Congress Classification
Koha item type Books
Holdings
Withdrawn status Lost status Source of classification or shelving scheme Damaged status Home library Current library Shelving location Date acquired Source of acquisition Total Checkouts Full call number Barcode Date last seen Price effective from Koha item type
    Library of Congress Classification   College Library College Library Filipiniana Section 08/23/2023 Library Fund   GN 479.65 .M37 2022 C22873 08/23/2023 08/23/2023 Books

Gender and society

APA

Martinez R. M. J., . (2022). Gender and society. Manila: Mindshapers Co., Inc.

Chicago

Martinez Rodolfo M Jr, . 2022. Gender and society. Manila: Mindshapers Co., Inc.

Harvard

Martinez R. M. J., . (2022). Gender and society. Manila: Mindshapers Co., Inc.

MLA

Martinez Rodolfo M Jr, . Gender and society. Manila: Mindshapers Co., Inc. 2022.

  • Place hold
  • Print
  • Cite
  • Add to your cart (remove)
  • Save record
    BIBTEX Dublin Core MARCXML MARC (non-Unicode/MARC-8) MARC (Unicode/UTF-8) MARC (Unicode/UTF-8, Standard) MODS (XML) RIS
  • More searches
    Search for this title in:
    Other Libraries (WorldCat) Other Databases (Google Scholar) Online Stores (Bookfinder.com) Open Library (openlibrary.org)

Exporting to Dublin Core...

SOUTHVILLE LIBRARY

Southville International School and Colleges Library

1281 Tropical Ave. Cor. Luxembourg St., BF Homes International, Las Pinas City

Tel. No. 8256374 / 252358 Loc. 117/146

Powered by Koha